banner-ar

مصر والفلاح والنيل (هدية من الاديب عبدالفتاح الجمل) / (Record no. 47086)

MARC details
000 -الفاتح
حقل البيانات ثابتة الطول 00594nam a2200181Ia 4500
008 - عناصر البيانات ثابتة الطول - معلومات عامة
حقل البيانات ثابتة الطول 140319s9999 xx 000 0 ara d
040 ## - مصدر الفهرسة
وكالة الفهرسة الأصلية GCL /
وكالة النسخ GCL
082 04 - رقم تصنيف ديوى العشرى
رقم التصنيف 301.
رقم المادة 22
-- ر م
100 1# - المدخل الرئيسى - إسم شخصى
الإسم الشخصى رشدى صالح
245 10 - بيان العنوان
العنوان مصر والفلاح والنيل (هدية من الاديب عبدالفتاح الجمل) /
بيان المسئوليه,etc رشدى صالح
300 ## - الوصف المادى
التعداد 147 ص
490 ## - بيان السلسلة
عنوان السلسلة كتاب جديد: صوت مصر
رقم المجلد/ التعيين التسلسلي 0
650 04 - المدخل الاضافى بالموضوع-مصطلح موضوعى
مصطلح موضوعي الاغانى الشعبية
650 04 - المدخل الاضافى بالموضوع-مصطلح موضوعى
مصطلح موضوعي النيل
650 04 - المدخل الاضافى بالموضوع-مصطلح موضوعى
مصطلح موضوعي الحياة الريفية - العالم العربي
942 ## - عناصر المدخل الإضافي( كوها)
مصدر التصنيف او مخطط الترفيف Dewey Decimal Classification
Koha [default] item type كتاب
Holdings
حالة التراجع حالة الفقد حالة تلف ليس للاعارة المكان المؤقت الموقع الحالى تاريخ الاكتساب اجمالي اﻻعارات رقم الطلب الباركود تاريخ اخر مشاهدة تاريخ تفعيل السعر نوع وعاء كوها
        مكتبة القاهرة الكبرى مكتبة القاهرة الكبرى 03/26/2014   301.\22\ر م 114158 03/26/2014 03/26/2014 كتاب

Powered By

EGPV